Tolstoi
Na minha lista:
| Autor principal: | |
|---|---|
| Formato: | Livro |
| Idioma: | espanhol |
| Publicado em: |
Buenos Aires
Schapire
1953
|
| Assuntos: | |
| Tags: |
Adicionar Tag
Sem tags, seja o primeiro a adicionar uma tag!
|
MARC
| LEADER | 00000nam a2200000 a 4500 | ||
|---|---|---|---|
| 001 | UCZ2431 | ||
| 003 | CL-VaPUC | ||
| 008 | 951005e19530000AG |||||||||||||||||spa|d | ||
| 082 | 0 | 4 | |a 891.709 |b ROL |2 21 |
| 100 | 0 | |a Rolland, Romain |e author |9 346193 | |
| 245 | 1 | 0 | |a Tolstoi |
| 300 | |a 165 p | ||
| 942 | |c BK | ||
| 945 | |d 19951005 00:00:00 |a rbrito | ||
| 260 | |a Buenos Aires |b Schapire |c 1953 | ||
| 600 | 0 | |a Tolstoi, León Graf |d 1828-1910 |9 346194 | |
| 650 | 0 | |a Literatura rusa |9 318370 | |
| 650 | 0 | |a Crítica e interpretación |9 255042 | |
| 650 | 0 | |a Biografías |9 255210 | |
| 650 | 7 | |a NOVELA RUSA |2 CL-VaPUC |9 344188 | |
| 583 | |a last modification |c 19951005 00:00:00 |k Rodrigo Vera | ||
| 999 | |c 239031 |d 239029 | ||
| 952 | |0 0 |1 0 |4 0 |6 891_709000000000000_ROL_1953 |7 0 |8 A |9 249812 |a BIBEDU |b BIBEDU |d 2019-11-18 |i 3137783 |o 891.709 ROL 1953 |p 3137783 |r 2019-11-18 |w 2019-11-18 |y BK |k LIT | ||